00483nam a22001337a 4500008004100000040005500041080002400096245009800120260005500218300001100273650001600284653001400300700003500314230721b |||||||| |||| 00| 0 eng d aNational Science LibrarycNational Science Library aD 681.3(082.2)bK52 aStatistical association methods for mechanized documentation c/ U. S. Department of Commerce aCalifornia: bU. S. Department of Commerce, c1964 a261p.  aAutomation  aIndexing  aStevens, Mary Elizabeth (Ed.)